Ideario (Record no. 38270)

MARC details
000 -LEADER
campo de control de longitud fija 00643nam a2200181 i 4500
001 - NÚMERO DE CONTROL
campo de control 38270
003 - IDENTIFICADOR DE NÚMERO DE CONTROL
campo de control ES-MaACL
005 - FECHA Y HORA DE LA ÚLTIMA TRANSACCIÓN
campo de control 20230906155728.0
007 - CAMPO FIJO DE DESCRIPCIÓN FÍSICA--INFORMACIÓN GENERAL
campo de control de longitud fija t|
008 - DATOS DE LONGITUD FIJA--INFORMACIÓN GENERAL
campo de control de longitud fija 030225s1970 sp ||||1| spa d
100 1# - ENTRADA PRINCIPAL--NOMBRE DE PERSONA
Nombre de persona Caldera, Rafael.
9 (RLIN) 33585
245 10 - MENCIÓN DEL TÍTULO
Título Ideario
Resto del título : la democracia cristiana en América Latina /
Mención de responsabilidad, etc. Rafael Caldera ; prólogo de Alceu Amoroso Lima ; selección, introducción y notas por Rafael Tomás Caldera.
260 ## - PUBLICACIÓN, DISTRIBUCIÓN, ETC.
Lugar de publicación, distribución, etc. Barcelona :
Nombre del editor, distribuidor, etc. Ariel,
Fecha de publicación, distribución, etc. [1970]
300 ## - DESCRIPCIÓN FÍSICA
Extensión XVIII, 308 p. ;
Dimensiones 19 cm.
700 1# - ENTRADA AGREGADA--NOMBRE PERSONAL
Nombre de persona Amoroso Lima, Alceu de.
9 (RLIN) 21326
700 1# - ENTRADA AGREGADA--NOMBRE PERSONAL
Nombre de persona Tomás Caldera, Rafael.
9 (RLIN) 110511
852 ## - LOCALIZACIÓN
Ubicación ES-MaACL
Número de control de estantería C-39972
Sublocalización o colección R.75389
Holdings
Estatus retirado Estado de pérdida Estado de daño No para préstamo Biblioteca de origen Biblioteca actual Ubicación en estantería Fecha de adquisición Fuente de adquisición Total de préstamos Signatura topográfica completa Código de barras Visto por última vez Precio de reemplazo Tipo de ítem Koha
        Biblioteca del Ateneo de Madrid Biblioteca del Ateneo de Madrid Depósito 2 17/01/2008     C-39972 1040285 23/02/2023 23/02/2023 Libro impreso